000 00520nam a22001697a 4500
005 20251108173217.0
008 250721s2001 xx 000 0 ara d
082 1 4 _aم/213.42/مسل
100 1 _aمسلم، ابو الحسن مسلم بن الحجاج بن مسلم بن ورد
245 1 0 _aصحيح مسلم /
264 1 _aالقاهرة :
_bدار ابن الهيثم،
_c2001.
300 _a889ص
650 1 7 _aالحديث الشريف
650 1 7 _aصحيح مسلم
942 _2ddc
_cBK
999 _c98612
_d98612